| 000 | 00381pab a2200157 454500 | ||
|---|---|---|---|
| 008 | 180718b2006 xxu||||| |||| 00| 0 eng d | ||
| 100 | _aGreasley, David | ||
| 245 | _aEmployment and total factor: a productivity convergence | ||
| 260 | _c2006 | ||
| 300 | _ap.527-55. | ||
| 650 | _aEmployment | ||
| 700 | _aMadsen, Jacob B. | ||
| 773 | _aKyklos | ||
| 908 | _aN | ||
| 909 | _a73155 | ||
| 999 |
_c73155 _d73155 |
||